Estadísticas para 15 principales países con muertes de Covid-19 - 22 agosto

Haz click aquí para intentar la prueba.

Estadísticas generales

  • Esta prueba ha sido intentada 3 veces
  • La puntuación promedio es 15 de 20

Estadísticas de respuestas

país% Correcto
Chile
100%
España
100%
Estados Unidos
100%
Francia
100%
Irlanda
100%
Italia
100%
México
100%
Perú
100%
Reino Unido
100%
Bélgica
67%
Bolivia
67%
Brasil
67%
Colombia
67%
India
67%
Países Bajos
67%
Rusia
67%
Suecia
67%
Irán
33%
Panamá
33%
Sudáfrica
33%

Distribución de puntuación

Porcentaje por número respondido

Porcentaje de gente con cada puntuación

Historial de tus puntuaciones

No has intentado esta prueba.